000 004910000a22001930004500
001 001085
003 MACL
005 20151027105035.0
008 151027b xxu||||| |||| 00| 0 eng d
040 _aMACL
_cMACL
041 _aEnglish
082 _a923.2/PAY
100 _aPyarelal,
_914107
245 _aMahatma Gandhi V-1
_bThe Early Phase
_cPyarelal
260 _aAhmedabad
_c1986
_bNavjivan Publishing House,
350 _a500
650 _aBiography
_916816
942 _k923.2/PYA
_cBK
_2ddc
999 _c1080
_d1080